00474nam a2200145 a 450000500170000000800410001702000180005805000260007624500550010226000480015730000180020544000530022365000250027665000270030120140412111324.0000826s19uu xx 00 eng d a1-85697-420-0 aREF 030bE56 1995 v.4 aGrolier Encyclopedia, v.4 :bof lands and peoples. aDanbury, Connecticut :bGrolier Inc,c1995. a193 - 256 p. aGrolier Encyclopedia of Land & Peoples (10 vol.) aEncyclopedias, lands aEncyclopedias, peoples